The Grand Trunk Road : (Record no. 522739)

000 -LEADER
fixed length control field 00950cam a2200313 a 4500
001 - CONTROL NUMBER
control field 649593
003 - CONTROL NUMBER IDENTIFIER
control field NUST
005 - DATE AND TIME OF LATEST TRANSACTION
control field 20190104093723.0
008 - FIXED-LENGTH DATA ELEMENTS--GENERAL INFORMATION
fixed length control field 940303s1993 ii a 000 0 eng
010 ## - LIBRARY OF CONGRESS CONTROL NUMBER
LC control number 93910428
020 ## - INTERNATIONAL STANDARD BOOK NUMBER
International Standard Book Number 8172230885 :
Terms of availability Rs145.00
025 ## - OVERSEAS ACQUISITION NUMBER
Overseas acquisition number I-E-73048
038 ## - RECORD CONTENT LICENSOR
Staff Name waseem
040 ## - CATALOGING SOURCE
Original cataloging agency DLC
Transcribing agency DLC
Modifying agency DLC
042 ## - AUTHENTICATION CODE
Authentication code lcode
043 ## - GEOGRAPHIC AREA CODE
Geographic area code a-ii---
-- a-pk---
050 00 - LIBRARY OF CONGRESS CALL NUMBER
Classification number DS414.2
Item number .B33 1993
082 ## - DEWEY DECIMAL CLASSIFICATION NUMBER
Classification number 954
Author Mark BAC
100 1# - MAIN ENTRY--PERSONAL NAME
Personal name Bach, Brian Paul,
Dates associated with a name 1954-
9 (RLIN) 12974
245 14 - TITLE STATEMENT
Title The Grand Trunk Road :
Remainder of title from the front seat /
Statement of responsibility, etc. Brian Paul Bach.
260 ## - PUBLICATION, DISTRIBUTION, ETC.
Place of publication, distribution, etc. New Delhi :
Name of publisher, distributor, etc. Indus,
Date of publication, distribution, etc. 1993.
300 ## - PHYSICAL DESCRIPTION
Extent xii, 440 p. :
Other physical details ill. ;
Dimensions 20 cm.
651 #0 - SUBJECT ADDED ENTRY--GEOGRAPHIC NAME
Geographic name India
General subdivision Description and travel.
9 (RLIN) 3320
651 #0 - SUBJECT ADDED ENTRY--GEOGRAPHIC NAME
Geographic name Pakistan
General subdivision Description and travel.
9 (RLIN) 3431
651 #0 - SUBJECT ADDED ENTRY--GEOGRAPHIC NAME
Geographic name Grand Trunk Road (India and Pakistan)
9 (RLIN) 12975
906 ## - LOCAL DATA ELEMENT F, LDF (RLIN)
a 7
b cbc
c origode
d 3
e ncip
f 19
g y-gencatlg
942 ## - ADDED ENTRY ELEMENTS (KOHA)
Source of classification or shelving scheme
Koha item type Book
Holdings
Withdrawn status Lost status Source of classification or shelving scheme Damaged status Not for loan Collection code Permanent Location Current Location Shelving location Date acquired Source of acquisition Total Checkouts Full call number Barcode Date last seen Price effective from Koha item type
            Central Library (CL) Central Library (CL) Book Cart 01/04/2019 Donation   954 BAC CL-D-209 01/04/2019 01/04/2019 Book
© 2023 Central Library, National University of Sciences and Technology. All Rights Reserved.